01541nam a2200325 a 4500001001200000003000800012006001900020007001500039008004100054020001500095020001800110020002700128040002100155035002100176050002300197111010600220245024500326260007100571300004300642504004100685505006100726533015200787650003800939650002600977655002901003700002101032710001701053856012601070999001901196ebr10479692CaPaEBRm u cr cn|||||||||110712s2010 si acd sb 100 0 eng d z9814287644 z9789814287647 z9789814287654 (e-book) aCaPaEBRcCaPaEBR a(OCoLC)74044604614aQA431b.E43 2007eb2 aInternational Conference on Difference Equations and Applicationsn(12th :d2007 :cLisbon, Portugal)10aDiscrete dynamics and difference equationsh[electronic resource] :bproceedings of the twelfth International Conference on Difference Equations and Applications, Lisbon, Portugal, 23 - 27 July 2007 /cSaber N. Elaydi ... [et al.], editors. aSingapore ;aHackensack, N.J. :bWorld Scientific Pub. Co.,c2010. axii, 424 p. :bill. (some col.), port. aIncludes bibliographical references.0 apt. 1. Papers by main speakers -- pt. 2. Invited papers. aElectronic reproduction.bPalo Alto, Calif. :cebrary,d2011.nAvailable via World Wide Web.nAccess may be limited to ebrary affiliated libraries. 0aDifference equationsvCongresses. 0aDynamicsvCongresses. 7aElectronic books.2local1 aElaydi, Saber N.2 aebrary, Inc.40uhttp://site.ebrary.com/lib/rucke/Doc?id=10479692zAn electronic book accessible through the World Wide Web; click to view c117620d117620